| 000 | 00620nam a2200229Ia 4500 | ||
|---|---|---|---|
| 003 | GCL | ||
| 008 | 140319s9999 xx 000 0 eng d | ||
| 020 | _a185511258X | ||
| 040 |
_aGCL / _cGCL |
||
| 082 | 0 | 4 |
_aCC _b932 _bJ H |
| 100 | 1 | _aJAMES, T G H | |
| 245 | 1 | 0 |
_aHOWARD CARTER : _bTHE PATH TO TUTANKHAMUN / _cJAMES, T G H |
| 260 |
_aنيويورك : _bTAURIS PARKE BOOKS ، _c2006 |
||
| 300 |
_a22 CM ؛ _c513 P |
||
| 650 | 0 | 4 | _aTUTANCHAMON |
| 650 | 0 | 4 | _aEGYPTOLOGY |
| 650 | 0 | 4 | _aEGYPT - HISTORY |
| 650 | 0 | 4 | _aEGYPT - ANCIENT HISTORY |
| 650 | 0 | 4 | _aMUMMIES - EGYPT |
| 650 | 0 | 4 | _aHOWARD CARTER |
| 942 |
_2ddc _cBK |
||
| 999 |
_c9319 _d9319 |
||